Hayvanlar Aleminden Masallar Seti - MİNİK SİNCAP'IN KIRILAN DİŞİ (Record no. 1277768)

MARC details
000 -LEADER
sabit uzunluktaki kontrol alanı 00327nam a2200109Ia 4500
001 - KONTROL NUMARASI
kontrol alanı 1277768
005 - EN SON İŞLEMİN TARİH VE ZAMANI
kontrol alanı 20260417163037.0
008 - SABİT-UZUNLUKTA VERİ ÖĞELERİ--GENEL BİLGİ
sabit uzunluktaki kontrol alanı 260417s9999 xx 000 0 und d
020 ## - ULUSLARARASI STANDART KİTAP NUMARASI
Uluslararası Standart Kitap Numarası 2085364853644
245 #0 - ESER / YAZAR
ESER ADI Hayvanlar Aleminden Masallar Seti - MİNİK SİNCAP'IN KIRILAN DİŞİ
Yazar Adı Yasemin Katı
260 ## - YAYIN, DAĞITIM, VB.
YAYIN EVİ Beyan Yayınları
Holdings
Düşüm durumu Kayıp durumu Hasar Durumu Ödünç verilmez Ana kütüphane Geçerli Kütüphane Edinilen tarih Toplam ödünç verme sayısı Barkod Son görüntüleme tarihi Fiyatın geçerli olmaya başladığı tarih Koha materyal türü
        NESRİN VE AYŞEGÜL KARDEŞLER İLKOKULU NESRİN VE AYŞEGÜL KARDEŞLER İLKOKULU 17.04.2026   1107355 17.04.2026 17.04.2026 Books